| 000 | 00339nam a22001337a 4500 | ||
|---|---|---|---|
| 020 | _qPB. | ||
| 040 | _cFIZZA ISHAQ | ||
| 082 |
_a621.3827 _bCEZ |
||
| 100 |
_aLI, YUENAN ZHU CE. _989236 |
||
| 245 |
_aADVANCED VIDEO COMMUNICARION / _cLI, YUENAN ZHU CE. |
||
| 260 |
_aNEW YORK ; _bCRC PRESS, _c2013. |
||
| 300 | _a496 P. ; | ||
| 942 |
_2ddc _cBK |
||
| 999 |
_c588041 _d588041 |
||